Rámová konštrukcia s tuhými, polotuhými a kĺbovými uzlami.
Saved in:
| Main Author: | |
|---|---|
| Other Authors: | |
| Format: | Manuscript Book |
| Language: | Slovak |
| Published: |
2021
|
| Subjects: | |
| Online Access: | http://is.stuba.sk/zp/portal_zp.pl?podrobnosti=149792 https://opac.crzp.sk/?fn=detailBiblioForm&sid=C3156EBF8AB965AD2A28D9C699AC |
| Tags: |
No Tags, Be the first to tag this record!
|
MARC
| LEADER | 00000ntm a22000003a 4500 | ||
|---|---|---|---|
| 001 | stuzp85822 | ||
| 003 | SK-STU | ||
| 005 | 20230512091523.1 | ||
| 007 | ta | ||
| 008 | 150427s2015----xo-----f-mn---000-0-slo-d | ||
| 040 | |a STU |b slo | ||
| 041 | 0 | |a slo | |
| 100 | 1 | |a Černuška, Jakub |u 010190 |4 aut |U SvF Stavebná fakulta |T SvF Katedra kovových a drevených konštrukcií |X 98171 |U V190 |Y 21 |7 98171 | |
| 242 | 0 | 1 | |a Frame structure with rigid, semi-rigid and pinned joints. |y eng |
| 245 | 1 | 0 | |a Rámová konštrukcia s tuhými, polotuhými a kĺbovými uzlami. |
| 260 | |c 2021 | ||
| 650 | 4 | |a rámová konštrukcia |2 slo | |
| 650 | 4 | |a tuhý |2 slo | |
| 650 | 4 | |a polotuhý |2 slo | |
| 650 | 4 | |a kĺbový |2 slo | |
| 650 | 4 | |a uzol |2 slo | |
| 650 | 4 | |a spoj |2 slo | |
| 650 | 4 | |a rigid |2 eng | |
| 650 | 4 | |a pinned |2 eng | |
| 650 | 4 | |a node |2 eng | |
| 650 | 4 | |a connection |2 eng | |
| 650 | 4 | |a frame construction |2 eng | |
| 650 | 4 | |a semi-rigid |2 eng | |
| 700 | 1 | |a Štujberová, Magdaléna |u 010190 |k Z1 |4 ths |U SvF Stavebná fakulta |T SvF Katedra kovových a drevených konštrukcií |X 867 |U V190 |Y 21 |7 A000000867 | |
| 856 | 4 | |u http://is.stuba.sk/zp/portal_zp.pl?podrobnosti=149792 | |
| 856 | 4 | |u https://opac.crzp.sk/?fn=detailBiblioForm&sid=C3156EBF8AB965AD2A28D9C699AC | |